Normal view
MARC view
Entry Corporate Name
001 - CONTROL NUMBER
- control field: 3787
003 - CONTROL NUMBER IDENTIFIER
- control field: OSt
005 - DATE AND TIME OF LATEST TRANSACTION
- control field: 20110510112752.0
008 - FIXED-LENGTH DATA ELEMENTS
- fixed length control field: 110510|||a|||||| | ||| d
040 ## - CATALOGING SOURCE
- Original cataloging agency: OSt
- Transcribing agency: OSt
110 ## - HEADING--CORPORATE NAME
- Corporate name or jurisdiction name as entry element: Law Reports.
- Subordinate unit: Exchequer.
- Subordinate unit: Division. [from old catalog]
670 ## - SOURCE DATA FOUND
- Source citation: Work cat.: (OSt)0: Law Reports. Exchequer. Division. [from old catalog], Law Reports Exchequer division 1877 - 80 Vol. 1-2 / , 1973
